002410000a220007300045001000021000002450062000213000037000837730047001201 aShaw, Charles S.10aThe sins of Rehoboam : The purpose of 3 Kingdoms 12.24a-z aNúm 73 (1997), Páginas 55-640 tJournal for the Study of the Old Testament